Estudios de Francisco José de Caldas (Registro nro. 8700)

Detalles MARC
000 -ENCABEZADO
Número de control [NR] 00858nam a2200205Ia 4500
008 - DE LONGITUD FIJA DE DATOS DE ELEMENTOS - INFORMACIÓN GENERAL
Elementos de longitud fija [NR] 130821s1953 ck gr spa
040 ## - FUENTE DE CATALOGACION [NR]
Agencia de catalogación original [NR] Co-BoUCM
Idioma de catalogación [NR] spa
041 ## - CODIGO DE IDIOMA [R]
Código de idioma para texto/pista de sonido o título separado [R] Español
100 ## - ASIENTO PRINCIPAL--NOMBRE PERSONAL [NR]
Nombre personal [NR] Caldas, Francisco José de
Fechas asociadas con el nombre [NR] 1771-1816
ID Autoridad 39601
245 ## - MENCION DE TITULO [NR]
Título [NR] Estudios de Francisco José de Caldas
Mención de responsabilidad, etc. [NR] Francisco José de Caldas
260 ## - PUBLICACION, DISTRIBUCION, ETC. (PIE DE IMPRENTA) [R]
Lugar de publicación, distribución, etc. [R] Medellín (Antioquia, Colombia)
Nombre del editor, distribuidor, etc. [R] Universidad de Antioquia
Fecha de publicación, distribución, etc. [R] 1953
300 ## - DESCRIPCION FISICA [R]
Extensión [R] 290 páginas
500 ## - NOTA GENERAL [R]
Nota general [NR] Edición fascimilar del original que se conserva en la biblioteca general de la Universidad de antioquia. -- Carece de página titular. -- Carece de paginación
650 04 - ASIENTO SECUNDARIO DE MATERIA - TERMINO TEMATICO [R]
Término temático o nombre geográfico como elemento de entrada [NR] Ciencias naturales
9 (RLIN) 10813
650 04 - ASIENTO SECUNDARIO DE MATERIA - TERMINO TEMATICO [R]
Término temático o nombre geográfico como elemento de entrada [NR] Ciencias naturales
Subdivisión geográfica [R] Colombia
Subdivisión de forma [R] Colecciones
9 (RLIN) 10813
650 04 - ASIENTO SECUNDARIO DE MATERIA - TERMINO TEMATICO [R]
Término temático o nombre geográfico como elemento de entrada [NR] Colecciones
9 (RLIN) 11109
651 ## - ASIENTO SECUNDARIO DE MATERIA - NOMBRE GEOGRAFICO [R]
Nombre geográfico [NR] Colombia
9 (RLIN) 26889
942 ## - ELEMENTOS DE ENTRADA AGREGADOS (KOHA)
Tipo de ítem principal el descrito en 300a Libro
Tema principal Ciencias puras
Edición 1
Parte restante de la signatura top. C15E
Sistema de clasificación DEWEY
Clasificación 508.86
Existencias
Fecha de último préstamo Total préstamos Total Renewals Signatura topográfica Código de barras Última vez visto Ejemplar Price effective from Tipo de ítem Perdido Sistema de clasificación Dañado No prestable Tipo de ítem específico Suprimido Ubicación habitual Ubicación actual Localización Fecha de creación Forma de adquisición Costo
14/03/2025 6 1 508.86 C15E 100002846 05/12/2025 Ej.1 03/02/2013 Libro   DEWEY     Libro   Claustro Claustro 2do piso 28/02/2003 Donación 80.00